Word Ladder: Pacific Nation's Largest Island Quiz Stats

 Plays Quiz Updated May 19, 2016

Challenge
Share
Tweet
Embed
Score 0/17 Timer 03:00
6 Plays Today
Clue 4-Letter Word % Correct
Don Johnson's TV hit 'Miami ___'VICE
96%
Not on timeLATE
95.5%
Pea plant or ivy, e.g.VINE
90.7%
Julius Caesar's 'Veni, vidi, ___'VICI
89.2%
Hollywood legend: ____ HayworthRITA
89%
Sacred ceremonyRITE
88.4%
Assign a value toRATE
87.9%
Of high qualityFINE
87.6%
● Island country with its capital at Suva ●● FIJI ●
80.1%
Clue 4-Letter Word % Correct
Italian for 'life'VITA
79.5%
Cleanse with soap and waterLAVE
78.6%
Eyjafjallajökull or Krakatoa outputLAVA
76.8%
Wind instrument often paired with a drumFIFE
74.9%
Name for a French poodle or cartoon skunkFIFI
73.4%
● [First Rung]'s largest island: ____ [Rung 17] ●● VITI ●
72.6%
Bulgarian currency (plural)LEVA
30.6%
● [First Rung]'s largest island: [Rung 8] ____● LEVU ●
19.7%

Today's Daily Dose

You're not logged in!

Compare scores with friends on all Sporcle quizzes.
OR
Log In

You Might Also Like...

Show Comments

Extras

Top Quizzes Today


Score Distribution

Your Account Isn't Verified!

In order to create a playlist on Sporcle, you need to verify the email address you used during registration. Go to your Sporcle Settings to finish the process.

Report this User

Report this user for behavior that violates our Community Guidelines.

Details: